Look again / (Record no. 1749)

MARC details
000 -LEADER
fixed length control field 01409cam a2200385 a 4500
001 - CONTROL NUMBER
control field data
005 - DATE AND TIME OF LATEST TRANSACTION
control field 20260322212116.0
008 - FIXED-LENGTH DATA ELEMENTS--GENERAL INFORMATION
fixed length control field data
035 ## - SYSTEM CONTROL NUMBER
System control number 1615267
010 ## - LIBRARY OF CONGRESS CONTROL NUMBER
LC control number 95017744
020 ## - INTERNATIONAL STANDARD BOOK NUMBER
International Standard Book Number 157255035X
Qualifying information pbk.
035 ## - SYSTEM CONTROL NUMBER
-- (DLC) 95017744
040 ## - CATALOGING SOURCE
Original cataloging agency DLC
Transcribing agency DLC
Modifying agency DLC
042 ## - AUTHENTICATION CODE
Authentication code lcac
050 00 - LIBRARY OF CONGRESS CALL NUMBER
Classification number QH48
Item number .M618 1995
082 00 - DEWEY DECIMAL CLASSIFICATION NUMBER
Classification number 508
Edition information 20
100 1# - MAIN ENTRY--PERSONAL NAME
Personal name Montgomery, Charlotte.
245 10 - TITLE STATEMENT
Title Look again /
Statement of responsibility, etc. by Charlotte Montgomery ; illustrated by Deborah Drew-Brook and Allan Cormack.
260 ## - PUBLICATION, DISTRIBUTION, ETC.
Place of publication, distribution, etc. Greenvale, NY :
Name of publisher, distributor, etc. Mondo Pub.,
Date of publication, distribution, etc. c1995.
300 ## - PHYSICAL DESCRIPTION
Extent 8 p. :
Other physical details col. ill. ;
Dimensions 19 cm.
336 ## - CONTENT TYPE
Content type term text
Content type code txt
Source rdacontent
337 ## - MEDIA TYPE
Media type term unmediated
Media type code n
Source rdamedia
338 ## - CARRIER TYPE
Carrier type term volume
Carrier type code nc
Source rdacarrier
520 ## - SUMMARY, ETC.
Summary, etc. Three children explore outdoors with a magnifying glass, binoculars, and a telescope.
650 #0 - SUBJECT ADDED ENTRY--TOPICAL TERM
Topical term or geographic name entry element Nature
General subdivision Juvenile literature.
650 #0 - SUBJECT ADDED ENTRY--TOPICAL TERM
Topical term or geographic name entry element Nature study
General subdivision Juvenile literature.
650 #1 - SUBJECT ADDED ENTRY--TOPICAL TERM
Topical term or geographic name entry element Nature.
650 #1 - SUBJECT ADDED ENTRY--TOPICAL TERM
Topical term or geographic name entry element Nature study.
700 1# - ADDED ENTRY--PERSONAL NAME
Personal name Drew-Brook-Cormack, Deborah,
Relator term ill.
700 1# - ADDED ENTRY--PERSONAL NAME
Personal name Drew-Brook-Cormack, Allan,
Relator term ill.
906 ## - LOCAL DATA ELEMENT F, LDF (RLIN)
a 7
b cbc
c orignew
d 1
e ocip
f 19
g y-gencatlg
991 ## -
-- c-GenColl
-- QH48
-- .M618 1995
-- 00016247297
-- Copy 1
-- BOOKS
Holdings
Withdrawn status Lost status Damaged status Not for loan Home library Current library Shelving location Date acquired Total checkouts Full call number Barcode Date last seen Price effective from Koha item type
        Fairview Fairview General stacks 22/03/2026   508 LOC-FPL-00034 22/03/2026 22/03/2026 Books